Kiambang bertaut lagi

Bibliographic Details
Main Author: Noor Halilah Halim
Format: Book
Published: Selangor : Penerbitan Prisma , 2006
Series:Aku pun punya hati
Subjects:

MARC

LEADER 00000cam a2200000 7i4500
001 0000000386
005 20160330.0
008 070702
020 |a 9838773530 
090 0 0 |a NOO   |b MAL 
100 0 |a Noor Halilah Halim 
245 1 0 |a Kiambang bertaut lagi   |c Noor Halilah Halim 
260 |a Selangor :   |b Penerbitan Prisma ,   |c 2006 
440 |a Aku pun punya hati 
500 |a Teenager ages 13-18 years old (blue) 
650 0 |a Malay   |x Languages 
999 |a 0000947250   |b Book   |c Adult Collection   |e Cawangan Tangkak 
999 |a 0000947251   |b Book   |c Adult Collection   |e Cawangan Taman Sri Lambak 
999 |a 0000960504   |b Book   |c Teenagers   |e Perbadanan Perpustakaan Awam Johor 
999 |a 0000960505   |b Book   |c Teenagers   |e Perbadanan Perpustakaan Awam Johor 
999 |a 0000960506   |b Book   |c Teenagers   |e Perbadanan Perpustakaan Awam Johor 
999 |a 0000960507   |b Book   |c Teenagers   |e Perbadanan Perpustakaan Awam Johor 
999 |a 0000960508   |b Book   |c Teenagers   |e Perbadanan Perpustakaan Awam Johor